Si Supieran - Serko, Dilas - Estadísticas

Estadísticas generales
  • Esta prueba ha sido intentada 53 veces
  • La puntuación promedio es 376 de 469
Estadísticas de respuestas
Letra % Correcto
a
100%
que
100%
Que
100%
Y
100%
y
100%
con
94%
de
94%
en
94%
En
94%
es?
94%
ha
94%
la
94%
las
94%
los
94%
Los
94%
(los
94%
Me
94%
me
94%
pa'
94%
(pa'
94%
Si
94%
si
94%
te
94%
tu
94%
94%
94%
(ay
89%
ay)
89%
ayer
89%
bailar
89%
conozco
89%
el
89%
El
89%
(el
89%
Está
89%
está
89%
fiestas
89%
ganas
89%
hoy
89%
lo
89%
Lo
89%
lo)
89%
no
89%
(no
89%
no)
89%
plaza
89%
plaza)
89%
pueblo
89%
son
89%
tengo
89%
ti
89%
tira'o
89%
to'
89%
To'
89%
un
89%
una
89%
(una
89%
ya
89%
amor
83%
amor)
83%
bien
83%
bien)
83%
dicho
83%
fondo
83%
han
83%
mi
83%
83%
música
83%
na'
83%
na
83%
resaca
83%
se
83%
sonando
83%
supieran
83%
verte
83%
Yo
83%
yo
83%
beber
78%
bordillo
78%
(bordillo
78%
del
78%
descubrí
78%
ir
78%
junto
78%
le
78%
más
78%
más)
78%
Para
78%
(para
78%
Pero
78%
pero
78%
por
78%
queda'o
78%
tan
78%
tus
78%
verano
78%
ahora
72%
amanecer
72%
(amanecer)
72%
ese
72%
Esperando
72%
fuera
72%
habría
72%
otro
72%
prisa
72%
puede
72%
sabe
72%
senta'o
72%
solo
72%
toda
72%
vida
72%
vida)
72%
Vimos
72%
aún
67%
cantando
67%
cantando)
67%
día
67%
dijo
67%
invierno
67%
les
67%
meto
67%
Oh
67%
oh
67%
pajarillos
67%
pido
67%
quiero
67%
seis
67%
todo
67%
tres
67%
al
61%
bailas
61%
café
61%
canción
61%
caso
61%
como
61%
(como
61%
Como
61%
¿Cómo
61%
conmigo
61%
digo
61%
excepción
61%
fumar
61%
he
61%
hice
61%
mirándome
61%
niños
61%
ojos
61%
olor
61%
pasarlo
61%
pidiendo
61%
poco
61%
(poco
61%
próxima
61%
quedan
61%
recuerda
61%
tirar
61%
acaba
56%
arrastro
56%
chaqueta
56%
colegas
56%
contigo
56%
corazón
56%
despertar
56%
dura'o
56%
haré
56%
lado
56%
pide
56%
uno
56%
algo
50%
cantaba
50%
cigarritos
50%
echar
50%
eso
50%
están
50%
esto
50%
estoy
50%
historias
50%
juntos
50%
menos
50%
Miro
50%
mis
50%
niña
50%
preguntando
50%
colgué
44%
conocía
44%
enteras
44%
Entramos
44%
estés
44%
mil
44%
también
44%
visto
44%
acabaste
39%
sabiendo
39%
brillando
33%
Cuando
33%
enciendo
33%
vestido
33%
cambió
28%
Veo
28%
No se encontraron pruebas coincidentes
Distribución de puntuación
Porcentaje de gente con cada puntuación
Porcentaje por número respondido
Historial de tus puntuaciones
No has intentado esta prueba.